Medagliere Pallamano ai Giochi Olimpici - Statistics

Statistiche generali
  • Questo quiz è stato fatto 24 volte
  • Il punteggio medio è 12 su 15
Statistiche sulle risposte
Medaglie complessive Medaglie d'Oro Medaglie d'Argento Medaglie di Bronzo Rappresentativa olimpica % Corretto
4 4 1 0 Danimarca
100%
3 1 1 1 Germania
100%
7 4 2 1 Francia
94%
5 2 2 1 Russia
94%
5 0 0 5 Spagna
94%
5 0 4 1 Svezia
94%
7 2 2 3 Norvegia
83%
5 3 1 1 Jugoslavia
78%
3 0 1 2 Ungheria
78%
6 4 1 1 Unione Sovietica
78%
3 1 1 1 Germania Est
67%
2 1 0 1 Squadra Unificata
67%
3 2 0 1 Croazia
61%
4 0 1 3 Romania
56%
7 2 4 1 Corea del Sud
17%
Nessun quiz corrispondente trovato
Distribuzione punteggi
Percentuale di utenti per punteggio
Percentile per numero di risposta
I tuoi punteggi nel tempo
Non hai fatto questo quiz